Closest Genetic Populations to the Romanians - Statistics

General Stats
  • This quiz has been taken 36 times
    22 since last reset
  • The average score is 9 of 12
Answer Stats
Genetic Distance Ethnicity % Correct
2.303 Greek
100%
3.230 Albanian
95%
1.262 Bulgarian
95%
1.203 Serb
95%
2.770 Croat
90%
1.037 Macedonian
85%
2.464 Moldovan
85%
2.590 Italian
80%
1.193 Montenegrin
80%
3.307 French
65%
2.143 Bosniak
45%
2.008 Gagauz
25%
No matching quizzes found
Score Distribution
Percent of People with Each Score
Percentile by Number Answered
Your Score History
You have not taken this quiz since the last reset